[Event "Bundesliga 0506"]
[Site "Germany"]
[Date "2005.10.22"]
[Round "1.4"]
[White "Johannessen, Leif Erlend"]
[Black "Hansen, Sune Berg"]
[Result "1/2-1/2"]
[WhiteElo "2564"]
[BlackElo "2555"]
[Annotator "Huzman,A"]
[PlyCount "56"]
[EventDate "2005.10.21"]
[EventType "team-tourn"]
[EventRounds "15"]
[EventCountry "GER"]
[SourceTitle "CBM 110"]
[Source "ChessBase"]
[SourceDate "2006.01.31"]
[SourceVersion "1"]
[SourceVersionDate "2006.01.31"]
[SourceQuality "1"]
[WhiteTeam "Wattenscheid"]
[BlackTeam "Hamburger SK"]
[WhiteTeamCountry "GER"]
[BlackTeamCountry "GER"]

1. d4 d5 2. c4 dxc4 3. Nf3 Nf6 4. e3 e6 5. Bxc4 c5 6. O-O a6 7. Bd3 cxd4 8.
exd4 Be7 9. Ne5 O-O 10. Nc3 Bd7 11. Bg5 (11. Be3 Nc6 12. a3 Rc8 13. Rc1 g6 14.
Qe2 Re8 15. Rfd1 Qc7 16. Ne4 $14 {0-1 Huzman,A-Zilberman,Y/Israel 1996/CBM 52
ext (53)}) 11... Bc6 (11... Nc6 12. Qf3 Nb4 (12... Nxd4 13. Qxb7 Rb8 14. Qxa6
Bc8 15. Qa4 Rb4 16. Qd1 Rxb2 17. Na4 Rb7 18. Be3 Nf5 19. Nc6 Nxe3 20. Nxd8 Nxd1
21. Nxb7 Nxf2 22. Rxf2 Bxb7 $132 {1/2-1/2 Dobritsa,D-Massimini Gerbino,M/IECG
2002/Telechess CBM 105 (59)}) 13. Rad1 Nxd3 14. Rxd3 b5 15. d5 Nxd5 16. Nxd5
exd5 17. Rxd5 Bxg5 18. Nxd7 Re8 19. g3 $14 {1-0 Barsov,A-Blees,A/Hoogeveen
1999/EXT 2000 (38)}) 12. Qd2 (12. Rc1 Nbd7 13. Nxc6 bxc6 14. Na4 Qc7 15. Qf3
Rfc8 16. b3 $14 {1-0 Shariyazdanov,A-Lukin,A/Biel SUI 2004/(50)}) 12... Nd5 13.
Bxe7 Nxe7 (13... Qxe7 14. f4 Rd8 15. f5 $36) 14. Rac1 (14. Rfe1 Nd7 15. Nxc6
Nxc6 (15... bxc6 16. Rac1 Nf6 17. Na4 $14) 16. d5 exd5 17. Nxd5 Nf6 $1 $11)
14... Nd7 15. Nxc6 Nxc6 16. d5 exd5 17. Nxd5 {The white pieces are more active.
Black has to play very accurately to equalize the game.} Nde5 (17... Nf6 $1 18.
Bc4 Nxd5 19. Qxd5 (19. Bxd5 Ne7 $11) 19... Qf6 $11) 18. Be2 $14 Qh4 $6 (18...
Ne7 19. Rfd1 Re8 20. Ne3 Qxd2 21. Rxd2 Rad8 22. Rxd8 Rxd8 23. Rc7 Rd7 24. Rxd7
Nxd7 25. Bf3 b6 26. Nc4 $14) 19. Rfd1 (19. Rc3 Nd4 (19... Nb4 20. Rh3 Qd8 21.
Qxb4 Qxd5 22. Rd1 Qxa2 23. Re3 Qe6 24. Qxb7 $14) (19... Rfe8 20. f4 Ng6 21. Rd3
$14) 20. Rd1 Nxe2+ 21. Qxe2 Rae8 22. Rh3 $36) 19... Rad8 20. g3 ({White could
get good chances for an advantage by transfering the Rc1 to the third rank.} 
20. Rc3 $5 Rfe8 21. Rh3 (21. Rg3) 21... Qe4 (21... Qa4 22. b3 $14) 22. Re3 Qh4
23. g3 $14) 20... Qe4 21. f4 (21. Qc2 Nf3+ 22. Bxf3 Qxf3 $11) 21... Nf3+ 22.
Bxf3 Qxf3 23. Rc3 Qe4 (23... Qg4 24. Rd3 Rde8 25. Nc3 $11) 24. Re3 (24. Qc2 $11
) 24... Qc4 25. Rc3 Qxa2 26. Rxc6 Rxd5 27. Qxd5 Qxd5 28. Rxd5 bxc6 (28... bxc6
29. Rc5 Rc8 30. Ra5 Ra8 31. Rc5 $11) 1/2-1/2

[Event "RUS-ch sf 58th"]
[Site "Kazan"]
[Date "2005.09.04"]
[Round "2"]
[White "Shariyazdanov, Andrey"]
[Black "Rublevsky, Sergei"]
[Result "1/2-1/2"]
[WhiteElo "2592"]
[BlackElo "2645"]
[Annotator "Huzman,A"]
[PlyCount "47"]
[EventDate "2005.09.03"]
[EventType "swiss"]
[EventRounds "9"]
[EventCountry "RUS"]
[SourceTitle "CBM 109"]
[Source "ChessBase"]
[SourceDate "2005.11.14"]
[SourceVersion "1"]
[SourceVersionDate "2005.11.14"]
[SourceQuality "1"]

1. d4 d5 2. c4 dxc4 3. Nf3 e6 4. e3 c5 5. Bxc4 a6 6. Bd3 Nf6 7. O-O Nbd7 8. Re1
b6 9. e4 cxd4 10. e5 Nd5 11. Bg5 (11. Nxd4 Bb7 (11... Nc5 12. Bf1 Bb7 13. Nd2 (
13. a3 g6 (13... Be7 14. b4 Nd7 15. Qg4 g6 16. Bh6 Bf8 17. Bxf8 Kxf8 18. Nd2
Kg7 19. Nc4 $16 {1-0 Rashkovsky,N-Nikitin,A/Tula 1999/EXT 2000 (35)}) 14. Nd2
b5 15. N2f3 Bg7 16. b4 Nc3 17. Qc2 N5a4 18. Bg5 Qd7 19. Rac1 O-O 20. Qd3 Rac8
21. Qe3 Bxf3 22. Nxf3 Nd5 23. Qd4 Rxc1 24. Rxc1 Rc8 $11 {0-1 Zimmerman,
Y-Fancsy,I/Hungary 1998/EXT 2000 (55)}) 13... Be7 14. Qg4 O-O (14... g6 15.
N2f3 Nb4 16. Bh6 Qd5 17. a3 Nc6 18. Rad1 Nxd4 19. Nxd4 $16 {1-0 Filippov,
V-Donchenko,A/Smolensk 1997/CBM 58 ext (38)}) 15. N2f3 Kh8 16. Ng5 h6 17. Ngf3
a5 18. Qh5 {1/2-1/2 Kramnik,V-Kasparov,G/Linares 2003/(18)}) 12. Nxe6 (12. Be4
Nc5 13. Bf3 Be7 14. a3 b5 15. Nd2 $2 Nd3 $17 {0-1 Piket,J-Lautier,J/Leiden
1995/EXT 99 (33)}) 12... fxe6 13. Qh5+ Ke7 14. Bg5+ N7f6 15. exf6+ gxf6 16. Bf5
$18 {1-0 Gonzalez Garcia,J-Lehmann,Z/Budapest 1997/CBM 61 ext (25)}) 11... Be7
12. Bxe7 Qxe7 13. Nbd2 (13. Nxd4 Bb7 14. Qg4 h5 $5 15. Qxg7 $140 (15. Qg3 Qb4
16. Nf3 Qg4 $15) 15... O-O-O $40) 13... Bb7 14. Nxd4 (14. Nc4 O-O 15. Nd6 $140
Nxe5 $17) 14... O-O 15. Nc4 {White will get an advantage if the trip of the
Nc4 to d6 is successful.} (15. Qh5 h6 16. Qg4 Nc5 17. Bf1 Rad8 $11) 15... Nf4
$1 16. Be4 Nc5 $15 {But Black can create counterplay in time and intercepts
the initiative.} 17. Bxb7 (17. Bf3 Rad8 18. Nd6 Nfd3 $1 19. Bxb7 (19. Nxb7 Rxd4
20. Re3 (20. Nxc5 Qxc5 $17) 20... Qd7 21. Nxc5 Nxc5 $17) 19... Qh4 $1 20. Re2 (
20. Nc6 Qxf2+ 21. Kh1 Nxe1 22. Qxe1 Qxe1+ 23. Rxe1 Rd7 $19) 20... Qxd4 $17)
17... Qxb7 18. Qf3 Qxf3 19. Nxf3 b5 (19... Ncd3 $5 20. Re4 b5 21. Nd6 f6 $15)
20. Nd6 Ncd3 (20... Rfd8 21. Red1 Nfd3 22. Rab1 b4 23. Rd2 f6 24. Nc4 Ne4 25.
Re2 f5 $15 {1/2-1/2 Grigore,G-Lazarev,V/Porto San Giorgio 1999/EXT 2000 (57)})
21. Re4 Nd5 (21... f6 $5) 22. Re2 Rfd8 23. Ne4 Rac8 ({The weakness of pawn e5
gives Black chances for an advantage after} 23... Ne7 $5 {[%csl Re5]} 24. Rd2
Rd5 25. Nc3 Rd7 26. Rad1 Rad8 $17 {[%cal Ye7c6]}) 24. Rd2 (24. Rd2 N3f4 25. Nd6
Rc7 $11) 1/2-1/2

[Event "ESP-chT Honor Gp2 49th"]
[Site "Sant Lluis"]
[Date "2005.09.02"]
[Round "3"]
[White "Vallejo Pons, Francisco"]
[Black "Sasikiran, Krishnan"]
[Result "0-1"]
[WhiteElo "2681"]
[BlackElo "2652"]
[Annotator "Huzman,A"]
[PlyCount "84"]
[EventDate "2005.08.31"]
[EventType "team"]
[EventRounds "5"]
[EventCountry "ESP"]
[SourceTitle "CBM 109"]
[Source "ChessBase"]
[SourceDate "2005.11.14"]
[SourceVersion "1"]
[SourceVersionDate "2005.11.14"]
[SourceQuality "1"]

1. d4 d5 2. Nf3 (2. c4 dxc4 3. Nf3 Nf6 4. e3 e6 5. Bxc4 a6 6. O-O c5 7. Bb3 b5
8. a4 b4 9. Nbd2 Bb7 10. e4 Be7 11. e5 Nfd7 12. Nc4 O-O 13. Bc2 cxd4 14. Qxd4 (
14. Nxd4 Qc7 (14... Bd5 15. Ne3 $1 (15. Qd3 g6 16. Nf3 Nc5 17. Qe2 b3 18. Bb1
Nc6 19. Bh6 Re8 20. Rc1 Rc8 21. h3 Nb4 $15 {0-1 Galliamova,A-Matveeva,S/Samara
RUS 2005/(43)}) 15... Nxe5 16. Qh5 Ng6 (16... g6 $5 17. Qxe5 Bd6 $11) 17. Nxd5
Qxd5 18. Qxd5 exd5 19. Bb3 $44 {1-0,Dautov,R-Gurevich,D/FIDE-WCh Moscow/2001/ 
(25)}) 15. Qd3 g6 16. Bf4 Nc6 17. Nf3 Rfd8 (17... Nc5 18. Qe3 b3 19. Bxb3 Nxb3
20. Qxb3 Rab8 21. Rfc1 Na5 22. Nxa5 Qxa5 $44 {1/2-1/2 Gleizerov,E-Blauert,J/
Calcutta 2002/CBM 88/[Huzman] (37)}) 18. Qe3 Na5 19. Nxa5 Qxa5 20. Ng5 Qc5 21.
Qe2 Bxg5 22. Bxg5 Rdc8 $15 {1/2-1/2 Ernst,S-Krush,I/Bermuda 2002/CBM 88 (71)})
(14. Bf4 Bd5 (14... Nc6 15. Nxd4 Qc7 16. Rc1 Nxd4 17. Qxd4 Qc6 18. Ne3 Bc5 19.
Qd3 g6 20. Bb3 Rfc8 21. Rfd1 Rc7 22. Kh1 Nf8 23. f3 $16 {1-0 Pelletier,Y-Socko,
B/Merida ESP 2005/(46)}) 15. Qxd4 b3 16. Bxb3 Nc6 17. Qe3 Nc5 18. Rfd1 Qb8 (
18... Nxb3 $5 19. Qxb3 Na5 20. Nxa5 Qxa5 21. Qd3 Rfb8 $44) 19. Ba2 Nb4 20. Nd6
$1 Nxa2 21. Qxc5 Qxb2 22. Bd2 Rab8 $13 {1-0 Sasikiran,K-Ganguly,S/Mumbai 2003/
CBM 94/[Huzman] (52)}) 14... Bd5 (14... b3 15. Bxb3 Bxf3 (15... Nc5 16. Bd1 Nc6
17. Qg4 Qd3 18. Ra3 h5 (18... Qe4 $5 19. Qxe4 Nxe4 $44) 19. Qf4 $16 {1/2-1/2
Mastrovasilis,A-Moutousis,K/Athens GRE 2004/(49)}) 16. gxf3 Nc6 17. Qe3 Qc7 18.
f4 Nc5 (18... Bc5 19. Qe4 Nd4 20. Bd1 Rab8 21. Bd2 $14 {1-0 Banikas,
H-Moutousis,K/Athens 2004/CBM 105/[Huzman] (37)}) 19. Bd1 Rad8 (19... Rfd8 20.
Ra3 Nb4 21. Bd2 Rab8 22. Qe2 Qc6 23. Rh3 g6 24. b3 Qe4 25. Qxe4 Nxe4 26. Be3
Nd5 $44 {1/2-1/2 Riazantsev,A-Rublevsky,S/Sochi RUS 2005/(67)}) 20. Ra3 Nd4 $2
21. Nd6 $16 {1-0 Dreev,A-Karjakin,S/Dos Hermanas ESP 2005/(42)}) 15. Qg4 f5 16.
exf6 Nxf6 17. Qd4 Nc6 18. Qd3 Qc7 $15 {1/2-1/2 Gunina,V-Matveeva,S/Samara RUS
2005/CT-1660 (83)}) 2... Nf6 3. c4 c6 4. e3 e6 5. Bd3 dxc4 6. Bxc4 a6 7. O-O c5
8. Bb3 b5 9. a4 b4 10. Nbd2 Bb7 11. e4 Be7 12. e5 Nfd7 13. Nc4 O-O 14. Bc2 cxd4
15. Qxd4 Bd5 16. Ne3 $6 Bxf3 17. gxf3 Nc5 18. Qg4 ({Good compensation for the
sacrifised pawn Black got after} 18. Qxb4 Nc6 19. Qc3 (19. Qf4 Nd4 20. Kg2 Nxc2
21. Nxc2 Nb3 22. Rb1 Nxc1 23. Qxc1 (23. Rbxc1 Bg5 $19) 23... Rc8 $17) 19... Nd4
20. Kg2 Rc8 (20... Nxc2 $5 21. Qxc2 (21. Nxc2 Rc8 22. Nd4 f6 $44) 21... Qb8 22.
Nc4 Nb3 23. Rb1 Rc8 $44) 21. Nc4 (21. Rd1 Ncb3 22. Nc4 Bb4 23. Qxb3 Nxb3 24.
Rxd8 Nxa1 $17) 21... f6 (21... Nxc2 22. Qxc2 Qd3 23. Qxd3 Nxd3 24. b3 f6 $44)
22. Rd1 fxe5 23. Nxe5 Nd3 24. Bxd3 Rxc3 25. bxc3 Nf5 26. Bxf5 Qxd1 27. Bxe6+
Kh8 28. Nf7+ Rxf7 29. Bxf7 Bf6 $17) 18... Nc6 ({After} 18... b3 $5 19. Bb1 {
the Ra1 remains out of the game.} (19. Be4 Nxe4 20. fxe4 Nd7 $17) 19... f5 $17)
19. f4 $6 (19. Nc4 f5 (19... Qd4 20. Be3 Qxg4+ 21. fxg4 Rad8 $11 {[%cal Yc6d4]}
(21... b3 22. Bd1 Rfd8 23. Bf3 Rac8 24. Bxc6 Rxc6 25. Na5 Rc7 26. Rac1 $14))
20. exf6 Rxf6 21. Bg5 Rf7 $11) 19... f5 $1 $17 20. exf6 Rxf6 {The pawn
structure of White is destroyed and the bishops are very passive. That's why
Black has a clear advantage.} 21. Rd1 (21. f5 Nd4 22. Rd1 e5 23. Be4 Nxe4 24.
Qxe4 Rc8 $17) 21... Qc7 22. Qg2 (22. f5 b3 23. Be4 Ne5 24. Qg2 Nxe4 25. Qxe4
Raf8 $17) 22... b3 23. Bb1 Raf8 (23... Rxf4 24. Ng4 Rff8 (24... Raf8) 25. Be3
$44) 24. Ng4 Rxf4 $1 {[%mdl 32] This is a strong positional exchange sacrifice.
Control over the black squares gives Black exellent compensation.} 25. Qh3 (25.
Bxf4 Qxf4 26. Qg3 Nd4 $17) (25. Qg3 $1 Bg5 26. Bxf4 Qxf4 $5 (26... Bxf4 27. Qh3
g6 28. Bd3 Qg7 $44) 27. Kg2 Nb4 28. Qxf4 Rxf4 29. Ne3 Bf6 $17) 25... g6 26.
Bxf4 Qxf4 27. Qg3 Nd4 $1 28. Qxf4 Rxf4 29. Ne3 Bf6 $19 30. Kg2 Nf3 31. Bd3 (31.
Kg3 Be5 32. Ng4 Bc7 (32... Rxg4+ 33. Kxg4 Nxh2+ 34. Kh3 Bxb2 35. Rd8+ Kg7 36.
Rc8 Bxa1 37. Rxc5 Nf3 $19) 33. Kg2 Nh4+ 34. Kh3 g5 $19) 31... Bxb2 32. Rab1 Bd4
33. Bxa6 {White sacrifices a piece for two pawns to complicate the game. But
Black creates a mating attack even in the endgame.} Nxa6 34. Rxb3 Nc5 35. Ra3 (
35. Rb8+ Kf7 36. a5) 35... Nh4+ 36. Kh3 (36. Kf1 Ne4 $1 37. Rxd4 Rxf2+ 38. Ke1
Nf3+ 39. Kd1 Nxd4 $19) (36. Kg1 Ne4 37. Rf1 Nf3+ 38. Kh1 Nfd2 $19) 36... g5 (
36... Bb2 $1 37. Ra2 Bf6 38. Nf1 Rf3+ 39. Ng3 h5 $19 {[%cal Yg6g4]}) 37. a5 (
37. Ng2 Nxg2 38. Kxg2 Rxf2+ 39. Kh1 e5 40. a5 Rf6 $19) 37... Ne4 $1 38. Ng4 h5
39. Nh6+ Kg7 40. Rxd4 Nxf2+ 41. Kg3 Nh1+ 42. Kh3 Rxd4 (42... Rxd4 43. a6 Kxh6
44. a7 Rg4 45. Ra2 Ng6 $19) 0-1

[Event "Asia-ch 5th"]
[Site "Hyderabad"]
[Date "2005.10.14"]
[Round "8"]
[White "Sundararajan, Kidambi"]
[Black "Wang, Hao"]
[Result "1/2-1/2"]
[WhiteElo "2497"]
[BlackElo "2519"]
[Annotator "Huzman,A"]
[PlyCount "46"]
[EventDate "2005.10.05"]
[EventType "swiss"]
[EventRounds "9"]
[EventCountry "IND"]
[SourceTitle "CBM 110"]
[Source "ChessBase"]
[SourceDate "2006.01.31"]
[SourceVersion "1"]
[SourceVersionDate "2006.01.31"]
[SourceQuality "1"]

1. d4 d5 2. c4 dxc4 3. Nf3 Nf6 4. e3 a6 5. Bxc4 b5 6. Bb3 Bb7 7. O-O e6 8. a4
b4 9. Nbd2 c5 10. e4 Be7 11. e5 Nfd7 12. Nc4 O-O 13. Bf4 Nc6 (13... cxd4 14.
Nxd4 Nc5 15. Bc2 $1 (15. Nd6 Bxd6 16. exd6 Qf6 17. Bg3 e5 18. Nf3 Bxf3 19. gxf3
Nxb3 20. Qxb3 Qxd6 21. Rad1 Qf6 22. Qxb4 Qxf3 23. Bxe5 Nc6 24. Qf4 Nxe5 25.
Qxe5 Qg4+ $17 {1/2-1/2 Bensdorp,M-Levushkina,E/Dresden GER 2004/(82)}) 15...
Nc6 16. Nxc6 (16. Nd6 $5 Bxd6 17. exd6 $14) 16... Bxc6 17. Nd6 Bxd6 18. exd6
Bd5 19. Rc1 Rc8 20. Qd4 $14 {1/2-1/2 Sasikiran,K-Karjakin,S/Internet Canarias
2004 (31)}) 14. Bc2 Nxd4 15. Nxd4 cxd4 16. Qxd4 b3 $1 (16... Qc7 17. Nd6 Bxd6
18. Qd3 g6 19. exd6 Qc6 20. f3 Qc5+ 21. Be3 Qe5 22. f4 (22. Qd4 $5 Qxd4 (22...
Rac8 23. Rfc1 Rfd8 24. Bd3 $14) 23. Bxd4 Rac8 24. Rfc1 Rc6 25. Be4 Rxd6 26.
Bxb7 Rxd4 27. Bxa6 $16 {[%cal Ga4a8]}) 22... Qa5 23. Qd4 (23. Rac1 $5 Rfc8 24.
Bb3 $16) 23... Rfc8 24. Rac1 Bd5 $132 {0-1 Sasikiran,K-Ivanchuk,V/Skanderborg
2003/CBM 098/[Huzman] (34)}) 17. Bxb3 (17. Be4 Bxe4 18. Qxe4 Nc5 19. Qe3 Qd3
20. Rfc1 Rfd8 21. g3 Qxe3 22. Bxe3 Nd3 23. Rd1 Rac8 $17 {1/2-1/2 Farago,
I-Erdos,V/Budapest HUN 2005/(36)}) 17... Nc5 18. Qxd8 (18. Qe3 Qd5 19. f3 Nd3
$1 (19... Nxb3 20. Qxb3 Rfc8 21. Rac1 Rab8 22. Rfd1 Qc5+ 23. Qe3 (23. Be3 Bxf3
24. Qd3 Bxd1 25. Bxc5 Bxc5+ 26. Kh1 Bxa4 $15) 23... Bd5 24. Nd6 Qxe3+ 25. Bxe3
Rd8 26. b4 Rxb4 27. Rc7 $36) 20. Nd6 $1 (20. Na5 Qxa5 21. Qxd3 Rfd8 22. Qc3 Bb4
23. Qc2 Rac8 $17) (20. Kh1 Bc5 21. Qd2 Bb4 $11) 20... Qxb3 21. Ra3 Qxb2 22.
Rxd3 Bd5 $11) 18... Rfxd8 19. Ba2 (19. Na5 Nxb3 20. Nxb3 Bd5 (20... Rab8 21.
Rfc1 Bd5 22. Nc5 $11) 21. Nd2 Rab8 $15) 19... Rab8 20. Nd6 (20. a5 Bd5 21. Be3
(21. Nb6 Bxa2 22. Rxa2 Nd3 23. Bg3 h5 24. h4 Bc5 $15) 21... Nb3 22. Bxb3 Rxb3
23. Rfc1 $11) (20. Be3 Bd5 $11) 20... Nd3 21. Bg3 Bc6 (21... Bd5 $5 22. Bxd5
exd5 23. Rfd1 (23. Rad1 Rb3 24. Rd2 f6 25. Rfd1 Nxb2 (25... Nxe5 26. Bxe5 Bxd6
27. Rxd5 fxe5 28. Rxd6 Rxd6 29. Rxd6 Rxb2 30. Kf1 $16) 26. Rb1 Nc4 27. Rxb3
Nxd2 $11) 23... Rb3 24. Ra3 Rxa3 25. bxa3 Nxe5 26. Bxe5 Bxd6 27. Rxd5 Rc8 28.
Kf1 Bxa3 29. Ke2 f6 $14) 22. Bc4 (22. a5 Rxb2 (22... Nxe5 23. Nc4 Nxc4 24. Bxb8
Nxb2 25. Rfc1 $16) 23. Rfd1 Bb5 $1 (23... Nb4 24. Bc4 Rb8 25. Rab1 $14) 24.
Nxb5 axb5 $11) 22... Nxb2 (22... Nxe5 23. Nf5 exf5 24. Bxe5 $14) 23. Bxa6 Bxa4
(23... Nxa4 24. Rfc1 Bd7 25. Rc7 $16) ({White could still fight for an
advantage after} 23... Bxa4 24. Rfc1 Kf8 25. Rc7 Rd7 26. Rac1 $36) 1/2-1/2

[Event "EU-Cup 21st"]
[Site "Saint Vincent"]
[Date "2005.09.23"]
[Round "6.1"]
[White "Gurevich, Mikhail"]
[Black "Huzman, Alexander"]
[Result "1/2-1/2"]
[WhiteElo "2669"]
[BlackElo "2577"]
[Annotator "Huzman,A"]
[PlyCount "114"]
[EventDate "2005.09.18"]
[EventType "team-swiss"]
[EventRounds "7"]
[EventCountry "ITA"]
[SourceTitle "CBM 110"]
[Source "ChessBase"]
[SourceDate "2006.01.31"]
[SourceVersion "1"]
[SourceVersionDate "2006.01.31"]
[SourceQuality "1"]
[WhiteTeam "Eynatten"]
[BlackTeam "Beer Sheva"]
[WhiteTeamCountry "BEL"]
[BlackTeamCountry "ISR"]

1. d4 d5 2. c4 c6 (2... dxc4 3. e3 Nf6 4. Bxc4 e6 5. Nf3 c5 6. O-O a6 7. Bd3
Nbd7 8. e4 cxd4 9. e5 Nd5 10. Be4 (10. Bc4 Nb4 $1 (10... Nc5 11. Qxd4 b5 12.
Bg5 Be7 13. Bxe7 Qxe7 14. Bxd5 exd5 15. Nc3 $16 {1/2-1/2 Bator,R-Dedorson,T/
Sweden 2000/EXT 2002 (28)}) 11. a3 $6 Nc6 12. Re1 b5 13. Bf1 Bb7 14. Nbd2 h6 $6
(14... Nc5 $1 15. b4 Na4 16. Nb3 Qd5 17. Nbxd4 Rd8 $17) 15. Nb3 Rc8 16. Bf4 $14
{1-0 Lautier,J-Hansen,C/, VI 1998 (25)}) (10. Bg5 Be7 11. Bxe7 Qxe7 12. Be4 Nf4
13. g3 Ng6 14. Qxd4 Qc5 15. Qxc5 Nxc5 16. Nbd2 Bd7 17. Bxg6 hxg6 18. Rac1 Rc8
19. Nc4 $16 {1-0 Tregubov,P-Markowski,T/Warsaw 2002/CBM 92 ext (63)}) 10... Nc5
11. Qxd4 Nxe4 12. Qxe4 b5 13. Qg4 h5 14. Qg3 Bb7 15. Bg5 Qa5 16. Nbd2 Qb4 17.
h3 h4 (17... Qxb2 18. Ne4 $44) 18. Nxh4 f6 19. a3 Qxb2 20. exf6 gxf6 21. Be3
Qe5 $6 (21... Nxe3 22. Qxe3 Bd5 $13) 22. Qg6+ Kd8 23. Ndf3 $16 {1-0 Lempert,
I-Zakharevich,I/Moscow 1991/TD (41)}) 3. e3 Nf6 4. Nf3 e6 5. Bd3 dxc4 6. Bxc4
c5 7. O-O a6 8. Bd3 Nbd7 9. e4 cxd4 10. e5 Nd5 11. Be4 Nc5 12. Qxd4 Nxe4 13.
Qxe4 b5 {Black doesn't develope his Bf8 as in this case the move Qg4 is
unpleasant for him.} 14. a4 (14. Nbd2 Bb7 15. Qg4 h5 $15) (14. Nc3 Bb7 15. Bg5
Be7 (15... Qc7 16. Nxd5 Bxd5 17. Qg4 Qc2 18. Rac1 Qxb2 19. Rc7 Qb4 20. Qh5 g6
21. Qh3 Qa5 22. Rc2 $44) 16. Bxe7 Qxe7 $15) 14... Bb7 15. axb5 (15. Qg4 h5 16.
Qg3 h4 17. Qg4 (17. Qh3 Rc8 $36 18. axb5 $140 Rxc1 19. Rxc1 Nf4 $19) 17... h3
$17) (15. Bg5 Be7 16. Bxe7 Qxe7 17. Nbd2 O-O $11) 15... axb5 16. Rxa8 Qxa8 17.
Nd4 (17. Qg4 Qa4 $1 18. Qh5 Qc2 $15) 17... b4 18. Nd2 Be7 19. Qg4 O-O 20. N2f3
$6 (20. Nc4 {The transfer of the Nd2 to c4 was a more logical way for the
development of an initiative for White.} Kh8 21. Bg5 Qa2 22. Bxe7 Nxe7 23. Nb5
(23. Nd6 Ba6 24. Rd1 Qxb2 $17) 23... Ba6 24. Nbd6 Nf5 25. Rc1 $11) 20... Kh8 (
20... Rc8 $5 21. Bg5 Bf8 $15) 21. Bg5 h6 22. Qh4 $6 (22. Bxe7 Nxe7 $15) 22...
Qd8 (22... Bxg5 23. Nxg5 Qa2 24. Ndf3 (24. Ndxe6 $5 fxe6 25. Nxe6 Re8 (25...
Ba6 26. Nxf8 Bxf1 27. Qd8 $11) 26. Qg4 Re7 27. Nf8 Rf7 28. Ng6+ Kh7 29. e6 Rxf2
$1 30. Kxf2 (30. Rxf2 Qb1+ 31. Rf1 Qxf1+ 32. Kxf1 Ne3+ $19) 30... Qa7+ 31. Kg3
Ne3 32. Qf4 Nxf1+ 33. Kh4 $11) 24... Ba6 25. Qe4 g6 (25... f5 26. exf6 hxg5 27.
f7 Nf6 28. Qxb4 Rxf7 29. Nxg5 Rc7 $15) 26. Nxe6 fxe6 27. Qxg6 Rxf3 28. Qxh6+
Kg8 29. gxf3 Bxf1 30. Qxe6+ Kf8 31. Qd6+ Kf7 32. e6+ Kf6 $17) 23. Bxe7 Nxe7 24.
Rc1 Qd7 $17 {Black has a clear advantage due to the strong position of his Bb7
and the weakness of pawn e5.} 25. Qf4 Ng6 26. Qe3 Rc8 27. h3 (27. Rxc8+ Qxc8
28. h3 Qc5 $17) 27... Kg8 (27... Rxc1+ 28. Qxc1 Nxe5 29. Nxe5 Qxd4 30. Nxf7+
Kg8 31. Qc7 Bd5 32. Ne5 Kh7 33. Qc2+ Be4 34. Nf3 $15) 28. Qd2 Rxc1+ 29. Qxc1
Qd5 (29... Nxe5 $5 30. Nxe5 Qxd4 31. Qc7 Qe4 32. f3 (32. Qxf7+ Kh7 33. Nf3 $15)
32... Qf4 33. Qxb7 Qe3+ $1 34. Kf1 Qc1+ 35. Ke2 Qxb2+ 36. Kf1 Qxe5 37. Qxb4 $17
) 30. Qe3 Qc5 31. h4 Nf8 32. Ne1 Ng6 33. Nd3 Qd5 (33... Qc4 34. h5 Ne7 35. Nf4
Qa2 36. Qc1 Qa5 37. Qe1 Nd5 $17) 34. f3 Nxh4 35. Nxb4 Qa5 36. Nd3 Ng6 (36...
Ba6 37. Nb3 Qd5 38. Nbc5 Bxd3 39. Nxd3 Nf5 40. Qe4 $11) 37. Nb3 Qd5 38. Nbc5
Bc6 39. Kf2 Bb5 40. Qe4 Qxe4 {After the queen exchange the passed pawn b2
gives White equal chances.} (40... Qd8 $5 41. b4 Ne7 $15) 41. fxe4 Kf8 42. Ke3
Ne7 $2 (42... Ke7 $5 43. Kd4 Kd8 44. Nb7+ (44. g3 Ne7 45. b4 Kc7 $15) 44... Kc7
45. Ndc5 Ne7 46. Nd6 Kb6 47. b4 Nc6+ 48. Kc3 Nxe5 49. Kd4 Nc6+ 50. Kc3 Nd8 $15)
43. Nb4 $1 g5 (43... Ng6 44. Ncd3 Ke8 45. Kd4 Kd7 46. Kc5 Bxd3 47. Nxd3 $14)
44. Nb3 Bf1 45. Kf2 (45. g3 Ng6 46. Nd2 Bb5 $11) 45... Bb5 46. Nd4 Be8 47. Ke3
Ng6 48. Nd3 Ke7 $11 49. b3 (49. b4 Kd8 $11) 49... f6 50. exf6+ Kxf6 51. b4 h5
52. Nc5 (52. b5 e5 53. Nc6 Bxc6 54. bxc6 Ke6 55. Nc5+ Kd6 56. c7 Kxc7 57. Ne6+
$11) 52... e5 53. Nf5 Bc6 54. Nd6 Ke7 55. Nf5+ Kf6 56. Nd6 Ke7 57. Nf5+ Kf6
1/2-1/2